000 00518nam a2200205Ia 4500
005 20250923145719.0
008 008 250917s9999 xx 000 0 eng d
037 _aTextual
040 _aDSWL
_beng
_cDSWL
041 _aeng
_2eng
084 _qDSWL
100 _aFreed, A.
_9838249
245 4 _aThe New Ta for Kids
_c by A. Freed
260 _aCalifornia
_bJalmar Press
_c1977
300 _aviii,101p.
365 _aINR
_b94.45
925 _g94.45
942 _cTEXL
999 _c1454688
_d1454688